Welcome to the Holygrace Academy Library

Please use search bar below to get started

REFERENCE YEAR BOOK 2007 (Record no. 6761)

MARC details
000 -LEADER
fixed length control field 00301nam a22001337a 4500
020 ## - INTERNATIONAL STANDARD BOOK NUMBER
ISBN 0-14310-087-4
082 ## - DEWEY DECIMAL CLASSIFICATION NUMBER
Classification number 001
Item number OBRIP
100 ## - MAIN ENTRY--AUTHOR NAME
Personal name O'BRIEN DEREK
245 ## - TITLE STATEMENT
Title REFERENCE YEAR BOOK 2007
260 ## - PUBLICATION, DISTRIBUTION, ETC. (IMPRINT)
Place of publication LONDON
Name of publisher PENGUIN BOOKS
Year of publication 2007
300 ## - PHYSICAL DESCRIPTION
Number of Pages 1056
520 ## - SUMMARY, ETC.
Summary, etc REFERENCE YEAR BOOK
942 ## - ADDED ENTRY ELEMENTS (KOHA)
Koha item type Books
Holdings
Withdrawn status Lost status Collection code Home library Current library Shelving location Date acquired Source of acquisition Cost, normal purchase price Full call number Accession Number Koha item type
    G.K Main Library Main Library SHELF-17F-YEAR BOOK 02/05/2009 Purchase 150.00 001 OBRIP 03523 Books